000 00654cam a22002293a 4500
001 6771
003 PGUSA
005 20140828083136.0
008 041001s2004||||xxu|||||s|||||000 | eng d
040 _aPGUSA
_beng
042 _adc
050 4 _aD
100 1 _aSchiller, Friedrich,
_d1759-1805
245 1 4 _aThe Thirty Years War — Volume 02
_h[electronic resource] /
_cFriedrich Schiller
260 _bProject Gutenberg,
_c2004
506 _aPublic domain in the USA.
516 _aElectronic text
653 _aThirty Years' War, 1618-1648
830 0 _aProject Gutenberg
_v6771
856 4 0 _uhttp://www.gutenberg.org/ebooks/6771
942 _cEB
999 _c236091
_d236091